000 00666nam a2200289Ia 4500
005 20260324115329.0
008 008 260324s9999 xx 000 0 eng d
020 _a9781315155586
037 _aEBOOK
040 _aCRL
040 _beng
040 _cCRL
041 _2eng
041 _aeng
084 _qCRL
100 _aRolf Medina
_91154249
245 0 _aManaging Project Competence
245 4 _bThe Lemon and the Loop
260 _bTaylor and Francis
260 _c2018
365 _a
365 _b160
856 _uhttp://www.taylorfrancis.com/books/9781315155586
942 _cEBOOK
999 _c1745056
_d1745056